000
nam a22 7a 4500
999
_c
53173
_d
53173
003
OSt
005
20220718163305.0
008
220718b xxu||||| |||| 00| 0 eng d
040
_c
IIMT UNIVERSITY MEERUT
100
_a
KAPOOR, MAURYA
245
_a
MECHANICS OF SOLID
260
_b
BHARAT BHARTI
300
_a
393
942
_2
ddc
_c
09